J.M.W. Turner /

An essential introduction to the life and work of J.M.W. Turner, whose pioneering explorations into oil and watercolours transformed landscape painting and continue to offer revelatory and definitive interpretations of his time. -- Tate Publishing

Bibliographic Details
Main Author: Loukes, Andrew (Author)
Corporate Author: Tate Britain (Gallery)
Format: Book
Language:English
Published: London : Tate Publishing, 2024.
Series:[Artists series (Tate)]
Subjects:

MARC

Tag First Indicator Second Indicator Subfields
LEADER 00000cam a2200000 i 4500
001 in00005654739
008 240430s2024 enkac b 001 0deng d
005 20250802185349.5
035 |a (OCoLC)on1434037843 
040 |a UKTTE  |b eng  |e rda  |c UKTTE  |d OCLCO  |d YDX  |d OCLCO  |d UKMGB  |d IND  |d CAM  |d OCLCL  |d UND  |d IG# 
020 |a 9781849769037 
020 |a 1849769036  |q (paperback) 
024 8 |a CIPO000075251 
035 |a (OCoLC)1434037843 
043 |a e-uk-en 
050 4 |a ND497.T8  |b L68 2024 
082 0 4 |a 759.2  |2 23  |1 https://id.oclc.org/worldcat/ddc/E3BHTKGrXJqMTgmGfmdGmdfGqK 
100 1 |a Loukes, Andrew,  |e author.  |1 https://id.oclc.org/worldcat/entity/E39PCjtkphqHGVHqH9BbhQY773 
245 1 0 |a J.M.W. Turner /  |c Andrew Loukes. 
264 1 |a London :  |b Tate Publishing,  |c 2024. 
264 2 |a New York :  |b ABRAMS 
300 |a 95 pages :  |b colour illustrations, portrait ;  |c 20 cm. 
336 |a text  |b txt  |2 rdacontent 
336 |a still image  |b sti  |2 rdacontent 
337 |a unmediated  |b n  |2 rdamedia 
338 |a volume  |b nc  |2 rdacarrier 
490 0 |a [Artists series (Tate)] 
500 |a Illustrated with works from the Tate collections. 
504 |a Includes bibliographical references and index. 
520 |a An essential introduction to the life and work of J.M.W. Turner, whose pioneering explorations into oil and watercolours transformed landscape painting and continue to offer revelatory and definitive interpretations of his time. -- Tate Publishing 
600 1 0 |a Turner, J. M. W.  |q (Joseph Mallord William),  |d 1775-1851. 
650 0 |a Painters  |z England. 
600 1 4 |a Turner, J. M. W.  |q (Joseph Mallord William),  |d 1775-1851. 
610 2 4 |a Tate (London)  |g (Perm.) 
650 6 |a Peintres  |0 (CaQQLa)201-0001862  |z Angleterre.  |0 (CaQQLa)201-0476579 
700 1 |a Turner, J. M. W.  |q (Joseph Mallord William),  |d 1775-1851,  |e artist.  |1 https://id.oclc.org/worldcat/entity/E39PBJfMfFRHrPR7dDcPFF69Xd 
710 2 |a Tate Britain (Gallery) 
852 8 |b POD  |z This title is available for the library to purchase for your use. Click the "Purchase It For Me" button to place a request. This item will take 5-10 business days to arrive. 
955 |a Print PDA title 
961 |m 565730 
999 f f |s 60c4f041-0771-4e9b-9d58-d1fa1fd6137b  |i 16bb2ab6-4e5a-4c72-bfb6-27218ebcde90  |t 0 
952 f f |a Texas A&M University  |b College Station  |c Sterling C. Evans Library  |d Purchase on Demand  |t 0  |e ND497.T8 L68 2024  |h Library of Congress classification 
998 f f |a ND497.T8 L68 2024  |t 0  |l Purchase on Demand